[Event "TCh-ITA 2012"]
[Site "Arvier ITA"]
[Date "2012.04.28"]
[Round "3"]
[White "Castaldo, Folco"]
[Black "Antoniewski, Rafal"]
[Result "1/2-1/2"]
[WhiteTitle "IM"]
[BlackTitle "GM"]
[WhiteElo "2417"]
[BlackElo "2559"]
[WhiteTeam "SS Eporediese Ivrea"]
[BlackTeam "Libertas Nereto"]
[WhiteFideId "806560"]
[BlackFideId "1111078"]
[EventDate "2012.04.27"]

1. e4 c6 2. d4 d5 3. exd5 cxd5 4. Bf4 Nc6 5. c3 g6 6. Bd3 Bg7 7. h3 Nf6 8. Nd2
O-O 9. Ngf3 Nh5 10. Bh2 Bh6 11. O-O Nf4 12. Bxf4 Bxf4 13. Re1 Qd6 14. Qe2 f6 15.
Rad1 Bd7 16. c4 e6 17. Nf1 Nb4 18. c5 Qc6 19. Bb1 a5 20. a3 Na6 21. Ne3 b6 22.
Rc1 bxc5 23. dxc5 e5 24. Rcd1 Be6 25. Ng4 Qxc5 26. Nd4 Nc7 27. g3 exd4 28. gxf4
Rae8 29. Qf3 Bxg4 30. hxg4 Rxe1+ 31. Rxe1 Rb8 32. Qe2 Re8 33. Qd2 Rxe1+ 34. Qxe1
Kf7 35. g5 Ne6 36. gxf6 Nxf4 37. Qe5 Nh5 38. b4 axb4 39. axb4 Qxb4 40. Ba2 Nxf6
41. Bxd5+ Nxd5 42. Qxd5+ Kf6 43. Qd8+ Ke5 44. Qh8+ Ke4 45. Qxh7 Qd6 46. Qb7+ Kf4
47. Kg2 Qe5 48. Qf3+ Kg5 49. Kf1 Qb5+ 50. Ke1 Qb1+ 51. Kd2 Qb2+ 52. Kd1 Qb1+ 53.
Kd2 Qa2+ 54. Kd1 Qe6 55. Kd2 Qg4 56. Qd5+ Kh6 57. Qh1+ Qh5 58. Qe4 Qa5+ 59. Ke2
Qb5+ 60. Ke1 Qb4+ 61. Ke2 Qc4+ 62. Ke1 g5 63. Qh1+ Kg6 64. Qe4+ Kf6 65. Qf3+ Ke7
66. Qb7+ Kd6 67. Qb8+ Qc7 68. Qb4+ Ke5 69. Kd2 Ke4 70. Qb1+ Kf4 71. Qb5 Qc3+ 72.
Kd1 d3 73. Qa4+ Kf3 74. Qa8+ Kf4 75. Qa4+ Kf5 76. Qd7+ Kf4 77. Qa4+ Kf3 78. Qa8+
Kxf2 79. Qf3+ Kxf3 1/2-1/2

[Event "TCh-ITA 2012"]
[Site "Arvier ITA"]
[Date "2012.04.28"]
[Round "3"]
[White "Shytaj, Luca"]
[Black "Ranieri, Fabrizio"]
[Result "1-0"]
[WhiteTitle "IM"]
[BlackTitle "FM"]
[WhiteElo "2496"]
[BlackElo "2283"]
[WhiteTeam "Libertas Nereto"]
[BlackTeam "SS Eporediese Ivrea"]
[WhiteFideId "812633"]
[BlackFideId "806927"]
[EventDate "2012.04.27"]

1. e4 e6 2. d4 d5 3. Nd2 Nf6 4. e5 Nfd7 5. Bd3 c5 6. c3 Nc6 7. Ngf3 Qb6 8. O-O
Be7 9. dxc5 Nxc5 10. Bc2 Qc7 11. Re1 b6 12. Nb3 Nxb3 13. axb3 a5 14. h4 Bb7 15.
h5 Rd8 16. Nd4 Nxd4 17. cxd4 Ba6 18. Bd2 Rc8 19. Rc1 Qd7 20. Qg4 g6 21. Bb1 Rxc1
22. Rxc1 Qb5 23. Bg5 Bxg5 24. Qxg5 Qxb3 25. Qf6 Rg8 26. Rc7 1-0

[Event "TCh-ITA 2012"]
[Site "Arvier ITA"]
[Date "2012.04.28"]
[Round "3"]
[White "Mariano, Elia"]
[Black "Bruno, Fabio"]
[Result "0-1"]
[BlackTitle "IM"]
[WhiteElo "2156"]
[BlackElo "2435"]
[WhiteTeam "SS Eporediese Ivrea"]
[BlackTeam "Libertas Nereto"]
[WhiteFideId "806579"]
[BlackFideId "801038"]
[EventDate "2012.04.27"]

1. d4 d5 2. c4 e6 3. Nc3 c6 4. cxd5 exd5 5. Bf4 Bf5 6. e3 Qb6 7. Qc1 Nf6 8. Nf3
Nbd7 9. Be2 h6 10. h3 Be7 11. O-O O-O 12. Ne5 Nxe5 13. Bxe5 Nd7 14. Bg3 Rfe8 15.
Qd2 a5 16. Na4 Qb4 17. Qd1 Bf8 18. a3 Qe7 19. Rc1 Qf6 20. Bg4 b5 21. Nc3 a4 22.
Bxf5 Qxf5 23. Ne2 Rac8 24. Qc2 Qxc2 25. Rxc2 Nb6 26. Nc1 Nc4 27. Nd3 f6 28. Rfc1
Kf7 29. Kf1 Re7 30. Re1 Rce8 31. Rce2 Rb7 32. Ra1 Ke6 33. Bh2 Kd7 34. g4 Kc8 35.
Kg2 Rf7 36. Rc1 Kb7 37. Bg3 Kb6 38. Rd1 Ra7 39. Kf3 Rb7 40. Rc2 Ka5 41. Ra1 Rbe7
42. Re2 Kb6 43. Rc1 Re4 44. Rd1 g5 45. Rc2 Kb7 46. Re2 Kc8 47. Rde1 Kd7 48. Kg2
R4e6 49. Bh2 Na5 50. Rc2 Nb3 51. Rd1 Ra8 52. Nc1 Na1 53. Re2 Ree8 54. Bg3 Ra7
55. h4 Rb7 56. hxg5 hxg5 57. Rh1 Re7 58. f3 Nb3 59. Nxb3 axb3 60. Be1 Rf7 61.
Bc3 b4 62. axb4 Bxb4 63. Rc1 Bd6 64. Be1 Rf8 65. Bg3 Rb4 66. Bxd6 Kxd6 67. Rh1
Rc4 68. Kg3 Ra8 69. Rd2 Ra2 70. Rhh2 Rc1 71. Rd3 Rg1+ 72. Kf2 Rb1 73. Rxb3
Raxb2+ 74. Rxb2 Rxb2+ 75. Kg3 Rxh2 76. Kxh2 c5 77. dxc5+ Kxc5 78. Kg3 Kc4 79. f4
Kc3 80. fxg5 fxg5 81. Kg2 Kc2 82. Kg1 Kd3 83. Kf2 Kd2 84. Kf3 Ke1 85. e4 d4 0-1

[Event "TCh-ITA 2012"]
[Site "Arvier ITA"]
[Date "2012.04.28"]
[Round "3"]
[White "Piscopo, Pierluigi"]
[Black "Saccona, Silvano"]
[Result "1-0"]
[WhiteTitle "IM"]
[WhiteElo "2383"]
[BlackElo "2178"]
[WhiteTeam "Libertas Nereto"]
[BlackTeam "SS Eporediese Ivrea"]
[WhiteFideId "809152"]
[BlackFideId "805653"]
[EventDate "2012.04.27"]

1. e4 c6 2. d4 d5 3. exd5 Qxd5 4. c4 Qa5+ 5. Bd2 Qc7 6. Bd3 Nf6 7. h3 g6 8. Nf3
Bf5 9. Bxf5 gxf5 10. Nc3 Nbd7 11. Qc2 e6 12. O-O-O O-O-O 13. Rhe1 Bg7 14. g3 h6
15. Kb1 Nh5 16. Bc1 Qa5 17. Qe2 Nhf6 18. Nd2 b6 19. Qf3 Nb8 20. d5 cxd5 21. Nb3
Qa6 22. cxd5 Qb7 23. Bf4 exd5 24. Rc1 Rd7 25. Nb5+ Kd8 26. Bc7+ 1-0

[Event "TCh-ITA 2012"]
[Site "Arvier ITA"]
[Date "2012.04.28"]
[Round "3"]
[White "Horvath, Csaba"]
[Black "Manca, Federico"]
[Result "1-0"]
[WhiteTitle "GM"]
[BlackTitle "IM"]
[WhiteElo "2509"]
[BlackElo "2424"]
[WhiteTeam "L'Arrocco A di Roma"]
[BlackTeam "Pizzato Elettr. Scacchi Marostica"]
[WhiteFideId "700118"]
[BlackFideId "800171"]
[EventDate "2012.04.27"]

1. d4 Nf6 2. c4 c5 3. d5 e5 4. Nc3 d6 5. e4 Be7 6. g3 O-O 7. Bg2 Nbd7 8. Nge2 a6
9. O-O Rb8 10. a4 Ne8 11. Kh1 Bg5 12. f4 Bf6 13. Be3 Nc7 14. a5 exf4 15. gxf4 b5
16. axb6 Rxb6 17. b3 Re8 18. Qc2 g6 19. Ng3 Bg7 20. e5 dxe5 21. f5 Rf8 22. Nce4
Qe7 23. b4 Rxb4 24. f6 Bxf6 25. Rxf6 Ne8 26. d6 Qd8 27. Rff1 Bb7 28. Rad1 Qb6
29. Rb1 a5 30. Bd2 f5 31. Bxb4 axb4 32. Nc3 e4 33. Nge2 Qxd6 34. Rbd1 Qe7 35.
Nd5 Qg7 36. Nef4 Qe5 37. Nxb4 Nef6 38. Nbd5 g5 39. Nxf6+ Nxf6 40. Nd5 Bxd5 41.
cxd5 Ng4 42. Bh3 Ne3 43. Qxc5 Nxd1 44. Rxd1 g4 45. Bf1 f4 46. Qc4 g3 47. d6+ Kg7
48. d7 Qh5 49. Qd4+ Kg6 50. Qd6+ 1-0

[Event "TCh-ITA 2012"]
[Site "Arvier ITA"]
[Date "2012.04.28"]
[Round "3"]
[White "Schacher, Gerd"]
[Black "Testa, Adriano"]
[Result "1-0"]
[WhiteTitle "FM"]
[WhiteElo "2340"]
[BlackElo "2240"]
[WhiteTeam "Pizzato Elettr. Scacchi Marostica"]
[BlackTeam "L'Arrocco A di Roma"]
[WhiteFideId "803979"]
[BlackFideId "823392"]
[EventDate "2012.04.27"]

1. c4 e5 2. Nc3 Bb4 3. Nd5 Bc5 4. Nf3 c6 5. Nc3 d6 6. g3 Nf6 7. d3 O-O 8. Bg2
Re8 9. O-O h6 10. a3 a5 11. Rb1 Bb6 12. b4 axb4 13. axb4 d5 14. cxd5 cxd5 15.
Bb2 Bd7 16. Nd2 Nc6 17. Nxd5 Nxd5 18. Bxd5 Bh3 19. Bg2 Bxg2 20. Kxg2 Nxb4 21.
Nc4 Bc5 22. Nxe5 Ra2 23. d4 Qd5+ 24. Kg1 Bd6 25. Nd3 b5 26. Nc1 Ra4 27. Bc3 h5
28. Bxb4 Bxb4 29. e3 h4 30. Nd3 Bd6 31. Qg4 hxg3 32. hxg3 Re6 33. Ne1 Ra2 34.
Qf3 Qg5 35. Ng2 Rf6 36. Nf4 Ra3 37. Rbc1 Bxf4 38. Rc8+ Kh7 39. Qe4+ Rg6 40. Qe8
Rh6 41. Qg8+ Kg6 42. Rc6+ f6 43. Qe8+ Kh7 44. Qe4+ Rg6 45. Rc5 Qg4 46. Qxf4 Qxf4
47. exf4 Rd3 48. d5 b4 49. Rb1 b3 50. Rb5 f5 51. R1xb3 Rd1+ 52. Kg2 Rd6 53. Re3
Kg6 54. Re6+ Rxe6 55. dxe6 Rd8 56. Kf3 Re8 57. g4 1-0

[Event "TCh-ITA 2012"]
[Site "Arvier ITA"]
[Date "2012.04.28"]
[Round "3"]
[White "Stella, Luca"]
[Black "Micheli, Carlo"]
[Result "1/2-1/2"]
[BlackTitle "FM"]
[WhiteElo "2119"]
[BlackElo "2268"]
[WhiteTeam "L'Arrocco A di Roma"]
[BlackTeam "Pizzato Elettr. Scacchi Marostica"]
[WhiteFideId "800031"]
[BlackFideId "800414"]
[EventDate "2012.04.27"]

1. e4 c5 2. Nf3 e6 3. d4 cxd4 4. Nxd4 Qb6 5. Nb3 Qc7 6. Bd3 Nf6 7. Nc3 a6 8. O-O
d6 9. f4 Nbd7 10. a4 b6 11. Qe2 Be7 12. Bd2 Bb7 13. Rae1 e5 14. g4 h6 15. g5
hxg5 16. fxg5 Nh5 17. Qf3 Nf4 18. Bxf4 exf4 19. Qxf4 Ne5 20. Nd5 Qc6 21. Kg2 Bc8
22. Nd4 Bh3+ 23. Kh1 Qb7 24. Rf2 Be6 25. Nxe7 Qxe7 26. Nf5 Qf8 27. Rd2 Bxf5 28.
exf5 Qe7 29. f6 gxf6 30. gxf6 Qc7 31. Rde2 O-O-O 32. Bxa6+ Kb8 33. Qe4 Rh5 34.
Re3 d5 35. Qf4 Ng4 36. Qxc7+ Kxc7 37. Re7+ Kd6 38. R1e2 Nxf6 39. Rxf7 Ne4 40.
Kg1 Rg5+ 41. Rg2 Rxg2+ 42. Kxg2 Rg8+ 43. Kf1 Rh8 44. Kg1 Rg8+ 45. Kf1 Rh8 46.
Bd3 Rxh2 47. Bxe4 dxe4 48. Rf2 Rh1+ 49. Ke2 Ke5 50. Rf8 Kd4 51. Rd8+ Kc5 52.
Rc8+ Kd4 53. Rd8+ Kc5 54. Ke3 Re1+ 55. Kd2 Rh1 56. Re8 Kd5 57. Rd8+ Kc5 1/2-1/2

[Event "TCh-ITA 2012"]
[Site "Arvier ITA"]
[Date "2012.04.28"]
[Round "3"]
[White "Sader, Michael"]
[Black "Maggi, Fabrizio"]
[Result "1/2-1/2"]
[WhiteElo "2276"]
[BlackElo "2132"]
[WhiteTeam "Pizzato Elettr. Scacchi Marostica"]
[BlackTeam "L'Arrocco A di Roma"]
[WhiteFideId "1602012"]
[BlackFideId "826030"]
[EventDate "2012.04.27"]

1. Nf3 d5 2. c4 e6 3. g3 c5 4. cxd5 exd5 5. d4 Nc6 6. Bg2 Nf6 7. O-O Be7 8. dxc5
Bxc5 9. a3 O-O 10. b4 Be7 11. Nc3 Re8 12. Bb2 Bg4 13. Rc1 Rc8 14. Qa4 Bf8 15. b5
Bxf3 16. exf3 Ne5 17. Rcd1 Nc4 18. Ba1 Bc5 19. f4 Nb6 20. Qb3 Qe7 21. Na4 Nxa4
22. Qxa4 Ne4 23. Be5 f6 24. Bxe4 dxe4 25. Bd4 Bxd4 26. Rxd4 e3 27. Qb3+ Kf8 28.
Qd3 exf2+ 29. Rxf2 Qe3 30. Qxe3 Rxe3 31. a4 Rcc3 32. Rfd2 Kf7 33. Kf2 Re7 34.
Re2 Rxe2+ 35. Kxe2 Ke6 36. Re4+ Kd6 37. Rd4+ Ke6 38. Re4+ Kd6 39. Rd4+ Ke6 40.
Re4+ Kd6 1/2-1/2

[Event "TCh-ITA 2012"]
[Site "Arvier ITA"]
[Date "2012.04.29"]
[Round "4"]
[White "Sutovsky, Emil"]
[Black "Olszewski, Michal"]
[Result "1/2-1/2"]
[WhiteTitle "GM"]
[BlackTitle "GM"]
[WhiteElo "2700"]
[BlackElo "2539"]
[WhiteTeam "Scavolini Datagest Pesaro"]
[BlackTeam "Centro Studi Test Palermo"]
[WhiteFideId "2802007"]
[BlackFideId "1121251"]
[EventDate "2012.04.27"]

1. e4 c5 2. Nc3 e6 3. Nf3 a6 4. d4 cxd4 5. Nxd4 b5 6. Bd3 Qb6 7. Nf3 Qc7 8. O-O
Bb7 9. Re1 Be7 10. Bd2 d6 11. a4 bxa4 12. e5 dxe5 13. Nxe5 Nf6 14. Rxa4 O-O 15.
Bf4 Qd8 16. Rd4 Qe8 17. Bg5 Nc6 18. Nd5 Nxd4 19. Bxf6 Bxd5 20. Bxh7+ Kxh7 21.
Qh5+ Kg8 22. Bxg7 Kxg7 23. Qg4+ Kh7 24. Qh5+ Kg7 25. Qg4+ Kh7 26. Qh5+ Kg7 27.
Qg4+ 1/2-1/2

[Event "TCh-ITA 2012"]
[Site "Arvier ITA"]
[Date "2012.04.29"]
[Round "4"]
[White "Contin, Daniel"]
[Black "Rombaldoni, Denis"]
[Result "0-1"]
[WhiteTitle "IM"]
[BlackTitle "IM"]
[WhiteElo "2331"]
[BlackElo "2520"]
[WhiteTeam "Centro Studi Test Palermo"]
[BlackTeam "Scavolini Datagest Pesaro"]
[WhiteFideId "803618"]
[BlackFideId "813575"]
[EventDate "2012.04.27"]

1. e4 c6 2. d4 d5 3. exd5 cxd5 4. c4 Nf6 5. Nc3 Nc6 6. Bg5 Be6 7. Bxf6 exf6 8.
c5 g6 9. Bb5 h5 10. Nge2 Bh6 11. Rb1 h4 12. b4 h3 13. g3 Bg4 14. O-O Bf3 15. Qd3
Bg2 16. Rfe1 O-O 17. Bxc6 bxc6 18. a4 Qd7 19. Nf4 Bxf4 20. gxf4 a6 21. Re3 Qg4
22. Rg3 Qxf4 23. b5 axb5 24. axb5 cxb5 25. f3 Rfd8 26. Kf2 Ra3 27. Rxb5 Ra1 28.
Rb1 Rxb1 29. Nxb1 Ra8 30. Qd2 Qf5 31. Qb2 Qd3 32. Rxg2 0-1

[Event "TCh-ITA 2012"]
[Site "Arvier ITA"]
[Date "2012.04.29"]
[Round "4"]
[White "Rombaldoni, Axel"]
[Black "Bentivegna, Francesco"]
[Result "1-0"]
[WhiteTitle "IM"]
[BlackTitle "FM"]
[WhiteElo "2464"]
[BlackElo "2276"]
[WhiteTeam "Scavolini Datagest Pesaro"]
[BlackTeam "Centro Studi Test Palermo"]
[WhiteFideId "815837"]
[BlackFideId "809055"]
[EventDate "2012.04.27"]

1. e4 e6 2. d4 d5 3. Nc3 Bb4 4. e5 c5 5. a3 Bxc3+ 6. bxc3 Qa5 7. Bd2 Qa4 8. Qb1
c4 9. h4 Nc6 10. h5 Bd7 11. Nf3 O-O-O 12. h6 g6 13. Bg5 Rf8 14. Rh4 Qa5 15. Qb2
f6 16. Rf4 Qd8 17. exf6 Nxf6 18. Be2 1-0

[Event "TCh-ITA 2012"]
[Site "Arvier ITA"]
[Date "2012.04.29"]
[Round "4"]
[White "Bove, Alessandro"]
[Black "Vocaturo, Daniele"]
[Result "1-0"]
[WhiteTitle "FM"]
[BlackTitle "GM"]
[WhiteElo "2362"]
[BlackElo "2536"]
[WhiteTeam "Centro Studi Test Palermo"]
[BlackTeam "Scavolini Datagest Pesaro"]
[WhiteFideId "814121"]
[BlackFideId "813192"]
[EventDate "2012.04.27"]

1. d4 Nf6 2. c4 e6 3. Nc3 Bb4 4. Qc2 O-O 5. e4 d6 6. a3 Bxc3+ 7. bxc3 e5 8. Bd3
c5 9. Ne2 Nc6 10. O-O cxd4 11. cxd4 exd4 12. Rb1 Re8 13. Bb2 Ne5 14. f3 Bd7 15.
Bxd4 b6 16. Rfd1 Rc8 17. Nf4 b5 18. c5 Nxd3 19. Nxd3 dxc5 20. Nxc5 Bc6 21. Rbc1
Qe7 22. Qd2 h6 23. Qf4 Nd7 24. Nd3 Nf8 25. Qg3 Ne6 26. Bb2 Qg5 27. Qf2 Qe7 28.
Ne5 Qb7 29. Rd6 Nd8 30. Qg3 f5 31. exf5 Bxf3 32. Rxc8 Qxc8 33. Nc6 1-0

[Event "TCh-ITA 2012"]
[Site "Arvier ITA"]
[Date "2012.04.29"]
[Round "4"]
[White "Ronchetti, Niccolo'"]
[Black "Genov, Petar"]
[Result "1/2-1/2"]
[WhiteTitle "IM"]
[BlackTitle "GM"]
[WhiteElo "2446"]
[BlackElo "2463"]
[WhiteTeam "Acc. Scacch. Italiana Bologna"]
[BlackTeam "Latina"]
[WhiteFideId "813125"]
[BlackFideId "2900211"]
[EventDate "2012.04.27"]

1. e4 c6 2. d4 d5 3. exd5 cxd5 4. c4 Nf6 5. Nc3 Be6 6. Nf3 dxc4 7. Ng5 Bd5 8.
Qa4+ Nc6 9. Nxd5 Nxd5 10. Bxc4 e6 11. Bb5 Bb4+ 12. Kf1 O-O 13. Qc2 Nf6 14. Bxc6
bxc6 15. Be3 Rc8 16. Ke2 Qd5 17. Qb3 c5 18. dxc5 Bxc5 19. Qxd5 Nxd5 20. Rac1 1/2-1/2

[Event "TCh-ITA 2012"]
[Site "Arvier ITA"]
[Date "2012.04.29"]
[Round "4"]
[White "Caprio, Guido"]
[Black "De Filomeno, Simone"]
[Result "1/2-1/2"]
[WhiteTitle "FM"]
[BlackTitle "FM"]
[WhiteElo "2398"]
[BlackElo "2280"]
[WhiteTeam "Latina"]
[BlackTeam "Acc. Scacch. Italiana Bologna"]
[WhiteFideId "834580"]
[BlackFideId "828688"]
[EventDate "2012.04.27"]

1. d4 d5 2. c4 e6 3. Nf3 Nf6 4. Nc3 c6 5. Bg5 h6 6. Bh4 dxc4 7. e4 g5 8. Bg3 b5
9. e5 Nd5 10. Nd2 Be7 11. Be2 Bb7 12. O-O Qb6 13. Nde4 Nd7 14. a4 a6 15. Bh5 Rf8
16. axb5 cxb5 17. b3 cxb3 18. Rb1 Rc8 19. Rxb3 Rc4 20. Ne2 Nf4 21. Bf3 Nxe2+ 22.
Qxe2 Rxd4 23. Rc1 Nc5 24. Nxc5 Bxf3 25. Rxf3 Bxc5 26. Rfc3 Rd5 27. Qc2 Be7 28.
Rc6 Qb7 29. Rc7 Qb6 30. Rc6 Qb7 31. Rc7 Qb6 32. Rc6 Qb7 33. Rc7 Qb6 1/2-1/2

[Event "TCh-ITA 2012"]
[Site "Arvier ITA"]
[Date "2012.04.29"]
[Round "4"]
[White "Parpinel, Marco"]
[Black "Govoni, Fausto"]
[Result "1-0"]
[WhiteElo "2157"]
[BlackElo "2197"]
[WhiteTeam "Latina"]
[BlackTeam "Acc. Scacch. Italiana Bologna"]
[WhiteFideId "818410"]
[BlackFideId "801879"]
[EventDate "2012.04.27"]

1. e4 c5 2. Nf3 d6 3. d4 cxd4 4. Qxd4 Nc6 5. Bb5 Bd7 6. Bxc6 Bxc6 7. Nc3 Nf6 8.
Bg5 Qb6 9. Qd3 e6 10. O-O Be7 11. Nd4 a6 12. Nxc6 bxc6 13. b3 O-O 14. Rad1 Rad8
15. Kh1 Rfe8 16. f4 Ng4 17. Bxe7 Rxe7 18. Rd2 Ree8 19. h3 Nf6 20. Rfd1 d5 21. e5
Nd7 22. Na4 Qa5 23. c4 f6 24. Qe3 fxe5 25. fxe5 Rf8 26. cxd5 cxd5 27. Qg5 Rf5
28. Rxd5 Qc7 29. Qxf5 exf5 30. e6 Qc2 31. exd7 f4 1-0

[Event "TCh-ITA 2012"]
[Site "Arvier ITA"]
[Date "2012.04.29"]
[Round "4"]
[White "Antoniewski, Rafal"]
[Black "David, Alberto"]
[Result "1/2-1/2"]
[WhiteTitle "GM"]
[BlackTitle "GM"]
[WhiteElo "2559"]
[BlackElo "2604"]
[WhiteTeam "Libertas Nereto"]
[BlackTeam "SS Milanese"]
[WhiteFideId "1111078"]
[BlackFideId "4000013"]
[EventDate "2012.04.27"]

1. e4 c5 2. Nf3 e6 3. d4 cxd4 4. Nxd4 a6 5. Nc3 Qc7 6. Be2 Nf6 7. O-O d6 8. f4
Be7 9. Be3 Nc6 10. Qe1 O-O 11. Qg3 Nxd4 12. Bxd4 b5 13. a3 Bb7 14. Rae1 d5 15.
exd5 Bc5 16. Bxc5 Qxc5+ 17. Qf2 Qxf2+ 18. Kxf2 Nxd5 19. Nxd5 Bxd5 20. Rd1 Rac8
21. Rd2 Rc5 22. Rfd1 h6 23. Bf3 Bxf3 24. Kxf3 1/2-1/2

[Event "TCh-ITA 2012"]
[Site "Arvier ITA"]
[Date "2012.04.29"]
[Round "4"]
[White "Bruno, Fabio"]
[Black "Brunello, Marina"]
[Result "1-0"]
[WhiteTitle "IM"]
[BlackTitle "WIM"]
[WhiteElo "2435"]
[BlackElo "2263"]
[WhiteTeam "Libertas Nereto"]
[BlackTeam "SS Milanese"]
[WhiteFideId "801038"]
[BlackFideId "822590"]
[EventDate "2012.04.27"]

1. Nf3 c5 2. c4 Nc6 3. Nc3 g6 4. e3 Bg7 5. d4 cxd4 6. exd4 d6 7. d5 Ne5 8. Nxe5
Bxe5 9. Bd3 Bg7 10. O-O Nh6 11. Re1 Ng4 12. Bf4 O-O 13. Qd2 Re8 14. h3 Ne5 15.
Bf1 Qb6 16. Rac1 Qb4 17. a3 Qb3 18. Nb5 Rf8 19. Re3 Qa2 20. c5 Nd7 21. Rc2 1-0

[Event "TCh-ITA 2012"]
[Site "Arvier ITA"]
[Date "2012.04.29"]
[Round "4"]
[White "Profumo, Alberto"]
[Black "Piscopo, Pierluigi"]
[Result "1/2-1/2"]
[BlackTitle "IM"]
[WhiteElo "2235"]
[BlackElo "2383"]
[WhiteTeam "SS Milanese"]
[BlackTeam "Libertas Nereto"]
[WhiteFideId "806587"]
[BlackFideId "809152"]
[EventDate "2012.04.27"]

1. Nf3 Nf6 2. c4 b6 3. g3 Bb7 4. Bg2 e5 5. Nc3 Bd6 6. d3 Bb4 7. Bd2 O-O 8. O-O
Re8 9. a3 Bf8 10. Bg5 h6 11. Bxf6 Qxf6 12. Nd2 c6 13. b4 Na6 14. Qc2 Nc7 15. Nb3
Qg6 16. b5 Rab8 17. a4 Ne6 18. e3 Bb4 19. Na2 Bf8 20. Nc3 Bb4 21. Na2 1/2-1/2

[Event "TCh-ITA 2012"]
[Site "Arvier ITA"]
[Date "2012.04.29"]
[Round "4"]
[White "Lenic, Luka"]
[Black "Palac, Mladen"]
[Result "1/2-1/2"]
[WhiteTitle "GM"]
[BlackTitle "GM"]
[WhiteElo "2637"]
[BlackElo "2593"]
[WhiteTeam "SS Triestina"]
[BlackTeam "CPS Banca Nuova"]
[WhiteFideId "14603853"]
[BlackFideId "14500116"]
[EventDate "2012.04.27"]

1. Nf3 c5 2. c4 Nc6 3. d4 cxd4 4. Nxd4 Nf6 5. Nc3 e6 6. a3 Be7 7. g3 Qb6 8. e3
O-O 9. Bg2 d5 10. cxd5 Nxd5 11. Na4 Qc7 12. Nxc6 bxc6 13. O-O Ba6 14. Re1 Nb6
15. Qc2 Nxa4 16. Qxa4 Bb5 17. Qc2 Rfd8 18. Bd2 Rab8 19. Bc3 c5 20. Rad1 Qb6 21.
Qe4 Rbc8 22. h4 Bc6 23. Qg4 Bf8 24. Qc4 Bb5 25. Qf4 Bd3 26. Rd2 Bb5 27. Red1
Rxd2 28. Rxd2 Rd8 29. Rxd8 Qxd8 30. Qf3 Qc8 31. Qe4 h6 32. a4 Bd7 33. Qc4 Bc6
34. Bxc6 Qxc6 35. e4 Qb7 36. b3 Be7 37. Bd2 a6 38. Be3 Kh7 39. Kf1 Qc6 40. Ke2
Qd6 41. Qd3 Qc6 42. Qc4 Kg8 43. h5 Kf8 44. g4 Ke8 45. Qd3 Bf6 46. Qc2 Be7 47.
Bd4 f6 48. Be3 Kd7 49. Qd3+ Kc7 50. Qc4 Kd7 51. f4 Qd6 52. Qc2 Bf8 53. Qc3 Be7
54. Qc4 Bf8 55. f5 Be7 56. Bd2 exf5 57. gxf5 Qh2+ 58. Kd3 Qxh5 59. Qe6+ Ke8 60.
Qg8+ Kd7 61. Qd5+ Ke8 62. Qg8+ Kd7 1/2-1/2

[Event "TCh-ITA 2012"]
[Site "Arvier ITA"]
[Date "2012.04.29"]
[Round "4"]
[White "De Eccher, Stefano"]
[Black "Ramondino, Renzo"]
[Result "1/2-1/2"]
[WhiteTitle "FM"]
[BlackTitle "FM"]
[WhiteElo "2222"]
[BlackElo "2251"]
[WhiteTeam "SS Triestina"]
[BlackTeam "CPS Banca Nuova"]
[WhiteFideId "800678"]
[BlackFideId "810304"]
[EventDate "2012.04.27"]

1. e4 c5 2. Nf3 d6 3. c3 Nf6 4. h3 Nbd7 5. Bd3 b6 6. O-O Bb7 7. Re1 Rc8 8. Bc2
Ne5 9. Nxe5 dxe5 10. d3 e6 11. Nd2 a6 12. a4 Be7 13. Qf3 Qc7 14. Qg3 Nh5 15. Qg4
g6 16. Nc4 b5 17. axb5 axb5 18. Ne3 O-O 19. Qe2 Rfd8 20. Ng4 c4 21. dxc4 bxc4
22. Bh6 Nf4 23. Bxf4 exf4 24. e5 Qc6 25. Be4 Qxe4 26. Qxe4 Bxe4 27. Rxe4 g5 28.
h4 Rd2 29. hxg5 Bxg5 30. Ra4 Rxb2 31. Raxc4 Ra8 32. Nf6+ Kg7 33. Rxf4 Ra1+ 34.
Kh2 Bxf4+ 35. Rxf4 Kg6 36. Rg4+ Kf5 37. f4 Raa2 38. Kh3 h6 39. Ne8 Ke4 40. Nd6+
Kd5 41. Nxf7 Rc2 42. Nxh6 Rxc3+ 43. Kh4 Rc7 44. Rg6 Rf2 45. g3 Rf3 46. Ng8 Ra7
47. Nf6+ Kd4 48. Nh5 Kd5 49. g4 Rf1 50. Kg5 Rg1 51. Ng7 Ra6 52. Nf5 Ke4 53. Nd6+
Kf3 54. Kf6 Rxg4 55. Rxg4 1/2-1/2

[Event "TCh-ITA 2012"]
[Site "Arvier ITA"]
[Date "2012.04.29"]
[Round "4"]
[White "Genovese, Maurizio"]
[Black "De Val, Daniele"]
[Result "1-0"]
[WhiteTitle "FM"]
[WhiteElo "2257"]
[BlackElo "2191"]
[WhiteTeam "CPS Banca Nuova"]
[BlackTeam "SS Triestina"]
[WhiteFideId "802930"]
[BlackFideId "812064"]
[EventDate "2012.04.27"]

1. d4 f5 2. Bg5 h6 3. Bh4 g5 4. e3 Nf6 5. Bg3 d6 6. Nc3 e6 7. h4 Rg8 8. hxg5
hxg5 9. Bc4 Qe7 10. Qd2 Bd7 11. O-O-O Nc6 12. f3 Qf7 13. e4 fxe4 14. fxe4 d5 15.
exd5 exd5 16. Bb3 O-O-O 17. Nf3 Bb4 18. Nxg5 Qg6 19. Bf4 Nh5 20. Be3 Ne7 21. Nf3
Ng3 22. Ne5 Qe8 23. Nxd7 Qxd7 24. Rh7 Ne4 25. Qd3 Bxc3 26. bxc3 Qd6 27. c4 Qa3+
28. Kb1 Rg3 29. Rh3 Nf2 30. Qe2 Nxh3 31. gxh3 dxc4 32. Bc1 Qd6 33. Qxc4 Rxh3 34.
Qe6+ Qd7 35. Re1 Rh7 36. Qe4 1-0

[Event "TCh-ITA 2012"]
[Site "Arvier ITA"]
[Date "2012.04.29"]
[Round "4"]
[White "Salvador, Roland"]
[Black "Manca, Federico"]
[Result "0-1"]
[WhiteTitle "GM"]
[BlackTitle "IM"]
[WhiteElo "2502"]
[BlackElo "2424"]
[WhiteTeam "CSKB Torveca Caffè Vigevano"]
[BlackTeam "Pizzato Elettr. Scacchi Marostica"]
[WhiteFideId "5201047"]
[BlackFideId "800171"]
[EventDate "2012.04.27"]

1. c4 Nf6 2. Nc3 e6 3. e4 d5 4. e5 d4 5. exf6 dxc3 6. bxc3 Qxf6 7. Bd3 Bd6 8.
Nf3 Bd7 9. Be4 Bc6 10. Qc2 Bxe4 11. Qxe4 c6 12. d4 Nd7 13. O-O O-O 14. Re1 h6
15. Rb1 Rab8 16. Re2 Qd8 17. c5 Bc7 18. Reb2 Qc8 19. Qh4 Re8 20. Qg4 Nf6 21. Qh3
b6 22. cxb6 Rxb6 23. Qh4 Nd5 24. c4 Nc3 25. Bxh6 gxh6 26. Qxh6 Nxb1 27. Ng5 Qd7
28. Qh7+ Kf8 29. Re2 Nc3 30. Re1 Bf4 31. h4 Bxg5 0-1